Atlas laboral de personas con discapacidad en Espaą

Detalles Bibliográficos
Autor principal: Garrido Cumbrera, Marco
Otros Autores: Chacn̤ Garca̕, Jorge
Formato: eBook
Lenguaje:español
Publicado: Barcelona: J.M. Bosch Editor, 2016
Materias:
Acceso en línea:Acceso restringido

MARC

LEADER 00000nam a22000007a 4500
005 20190414193820.0
007 cr|||| ||||
008 190414s2016 es |||||s|||| 00||0 spa d
020 |a 978-84-944790-5-2 
035 |a 23090 
040 |a vLex 
090 |c 8623  |d 8623 
100 1 |a Garrido Cumbrera, Marco 
245 1 0 |a Atlas laboral de personas con discapacidad en Espaą  |h [Recurso electrn̤ico] /  |c Marco Garrido Cumbrera, Jorge Chacn̤ Garca̕ 
256 |a Servicio en ln̕ea 
260 |a Barcelona:  |b J.M. Bosch Editor,  |c 2016 
300 |a 1 recurso electrn̤ico 
506 1 |a Disponible solo en los productos indicados  |d vLex Global  |d vLex Global (Academic Edition, excluding Law Schools)  |d vLex Global (U.S. Academic Edition, Law Schools)  |d vLex Global (U.S. Academic Edition, excluding Law Schools)  |d vLex Global (Academic Edition, Law Schools) 
650 0 4 |a Derecho Laboral y Seguridad Social  |z Espaą 
700 1 |a Chacn̤ Garca̕, Jorge 
740 0 |a vLex Libros (Servicio en ln̕ea) 
856 4 0 |u http://vlex.com/source/atlas-laboral-personas-discapacidad-espa-a-23090  |z Acceso restringido 
942 |c BOOK 
999 0 |a Labor law and social security